ロード中...

Teaching of science in secondary schools

書誌詳細
第一著者: Mohanty, Susandhya
フォーマット: Printed Book
言語:English
出版事項: New Delhi, Deep and Deep Publication
1996
主題:
LEADER 006340000a22002170004500
020 |a 8171008305 
041 |a eng 
082 |a 507 N6 
100 |a Mohanty, Susandhya  |9 117720 
245 |a Teaching of science in secondary schools 
260 |a New Delhi, Deep and Deep Publication 
260 |a 1996 
465 |a R 310 
650 |a Achivement Test  |9 99854 
650 |a Data collection  |9 117721 
650 |a School curriculum  |9 117722 
650 |a Science  |9 117723 
650 |a Secondary school  |9 117724 
942 |c BK 
999 |c 167660  |d 167656 
952 |0 0  |1 0  |4 0  |7 0  |9 166093  |a SPS  |b SPS  |d 2019-04-16  |l 0  |p SPS02386  |r 2019-04-16  |w 2019-04-16  |y BK